25 Facts About James Monroe Quiz Stats

 Plays Quiz Updated Apr 1, 2018

Score 0/25 Timer 08:00
1 Play Today
% Correct
Colonel
93%
Steamboat
92.8%
College of William and Mary
92.5%
Eliza Monroe
92.3%
Virginia
91.9%
Monticello
91.3%
Delaware
90.5%
Samuel Morse
89.5%
Era of Good Feelings
88.5%
Founding Fathers
87.8%
Federalist Party
87.6%
George Washington
87.3%
France
87.2%
% Correct
Mississippi
87.1%
Monroe Doctrine
87.1%
Liberia
87%
Three
86.8%
Two
83.9%
John Adams
80.9%
Adams-Onis Treaty
80.4%
Napoleon I
79.2%
Spain
79.1%
Thomas Jefferson
65.2%
One
64.8%
James Madison
58.3%

You're not logged in!

Compare scores with friends on all Sporcle quizzes.
OR
Log In

You Might Also Like...

Show Comments

Extras

Top Quizzes Today


Score Distribution

Your Account Isn't Verified!

In order to create a playlist on Sporcle, you need to verify the email address you used during registration. Go to your Sporcle Settings to finish the process.

Report this User

Report this user for behavior that violates our Community Guidelines.

Details: